Online Catalogue and eLibrary

Rajyaye sadacharathmaka padanama (Record no. 2263)

MARC details
000 -LEADER
fixed length control field 00448nam a2200181Ia 4500
005 - DATE AND TIME OF LATEST TRANSACTION
control field 20250613013834.0
008 - FIXED-LENGTH DATA ELEMENTS--GENERAL INFORMATION
fixed length control field 240331s9999 xx 000 0 und d
082 ## - DDC Classification
Item Number - Author Mark RAJ
Class No. 320
100 ## - MAIN ENTRY--PERSONAL NAME
Personal name Rajapaksha, R
245 #0 - TITLE STATEMENT
Title Rajyaye sadacharathmaka padanama
260 ## - PUBLICATION, DISTRIBUTION, ETC.
Place of publication, distribution, etc. Nugegoda
Name of publisher, distributor, etc. Deepani Printers & Publishers
Date of publication, distribution, etc. 1991
300 ## - PHYSICAL DESCRIPTION
Extent (e.g. Volumes, Pages etc.) 64 p .,
650 ## - SUBJECT ADDED ENTRY--TOPICAL TERM
Topical term or geographic name entry element Ethical
650 ## - SUBJECT ADDED ENTRY--TOPICAL TERM
Topical term or geographic name entry element Political
650 ## - SUBJECT ADDED ENTRY--TOPICAL TERM
Topical term or geographic name entry element Philosophical
650 ## - SUBJECT ADDED ENTRY--TOPICAL TERM
Topical term or geographic name entry element Problems
942 ## - Koha item type (Biblio)
Koha item type Books in Stacks (Lending)
Holdings
Lost status Damaged status Collection code Home library Current library Shelving location Date acquired Full call number Accession Number Item type
    Lending WERC Library WERC Library Social Science Cupboard 03/31/2024 320 RAJ 3353 Books in Stacks (Lending)

© WERC Library